[Event "SRB-chT2"]
[Site "Golubac"]
[Date "2008.09.21"]
[Round "2"]
[White "Manic, Jovica"]
[Black "Mitrovic, Petar"]
[Result "1/2-1/2"]
[WhiteElo "2263"]
[BlackElo "2366"]
[PlyCount "36"]
[EventDate "2008.09.20"]
[EventType "team-tourn"]
[EventRounds "11"]
[EventCountry "YUG"]
[SourceTitle "EXT 2010"]
[Source "ChessBase"]
[SourceDate "2010.11.25"]
[SourceVersion "1"]
[SourceVersionDate "2010.11.25"]
[SourceQuality "1"]

1. Nf3 Nf6 2. c4 c5 3. e3 g6 4. d4 Bg7 5. b3 0-0 6. Bb2 d5 7. dxc5 Qa5+ 8. Nbd2 Qxc5 9. Rc1 Nc6 10. cxd5 Qxd5 11. Bc4 Qa5 12. Bc3 Qb6 13. 0-0 Bf5 14. Nd4 Nxd4 15. Bxd4 Qa5 16. Qe2 Rfd8 17. Bc3 Qb6 18. h3 Ne4 1/2-1/2

[Event "SRB-chT 1st League"]
[Site "Vrnjacka Banja"]
[Date "2007.10.14"]
[Round "6.3"]
[White "Mitrovic, Petar"]
[Black "Kojovic, Dragan"]
[Result "0-1"]
[WhiteElo "2374"]
[BlackElo "2407"]
[PlyCount "76"]
[EventDate "2007.09.08"]
[EventType "team"]
[EventRounds "11"]
[EventCountry "SRB"]
[SourceTitle "EXT 2012"]
[Source "ChessBase"]
[SourceDate "2011.11.24"]
[SourceVersion "1"]
[SourceVersionDate "2011.11.24"]
[SourceQuality "1"]
[WhiteTeam "Pozarevac"]
[BlackTeam "Gornji Milanovac Metalac"]
[WhiteTeamCountry "SRB"]
[BlackTeamCountry "SRB"]

1. e4 c5 2. Nf3 Nc6 3. d4 cxd4 4. Nxd4 Qc7 5. Nc3 e6 6. g3 a6 7. Bg2 Nf6 8. 0-0 Nxd4 9. Qxd4 Bc5 10. Bf4 d6 11. Qd2 h6 12. Na4 e5 13. Be3 Be6 14. Nxc5 dxc5 15. Qc3 Rc8 16. a4 0-0 17. a5 Ng4 18. Bd2 Rfe8 19. f3 Nf6 20. Be3 Nd7 21. Rfd1 Nf8 22. Rd2 Re7 23. Rad1 Rd7 24. Rxd7 Nxd7 25. f4 f6 26. Qd2 Nf8 27. b3 c4 28. b4 Bg4 29. Qd5+ Kh7 30. Rf1 Be6 31. Qd2 c3 32. Qf2 Qc4 33. fxe5 fxe5 34. Bc5 Nd7 35. Bd6 Rc6 36. Rd1 Bg4 37. Rd3 Qxd3 38. cxd3 c2 0-1

[Event "SRB-chT 1st League"]
[Site "Vrnjacka Banja"]
[Date "2007.09.30"]
[Round "4.4"]
[White "Markovic, Zoran S"]
[Black "Mitrovic, Petar"]
[Result "1/2-1/2"]
[WhiteElo "2379"]
[BlackElo "2374"]
[PlyCount "41"]
[EventDate "2007.09.08"]
[EventType "team"]
[EventRounds "11"]
[EventCountry "SRB"]
[SourceTitle "EXT 2012"]
[Source "ChessBase"]
[SourceDate "2011.11.24"]
[SourceVersion "1"]
[SourceVersionDate "2011.11.24"]
[SourceQuality "1"]
[WhiteTeam "Sloga"]
[BlackTeam "Pozarevac"]
[WhiteTeamCountry "SRB"]
[BlackTeamCountry "SRB"]

1. e4 e6 2. d4 d5 3. Nd2 c5 4. exd5 exd5 5. Ngf3 Nf6 6. Bb5+ Bd7 7. Bxd7+ Nbxd7 8. 0-0 Be7 9. dxc5 Nxc5 10. Re1 0-0 11. Nf1 Re8 12. Be3 Qc7 13. Bd4 Nce4 14. Ne3 Rad8 15. c3 b6 16. Qb3 Bc5 17. Rad1 Qc6 18. Rd3 h6 19. Red1 Nh5 20. g3 Bf8 21. a4 1/2-1/2

[Event "SRB-chT 1st League"]
[Site "Vrnjacka Banja"]
[Date "2007.09.09"]
[Round "1.5"]
[White "Ilincic, Zlatko"]
[Black "Mitrovic, Petar"]
[Result "1-0"]
[WhiteElo "2509"]
[BlackElo "2374"]
[PlyCount "101"]
[EventDate "2007.09.08"]
[EventType "team"]
[EventRounds "11"]
[EventCountry "SRB"]
[SourceTitle "EXT 2012"]
[Source "ChessBase"]
[SourceDate "2011.11.24"]
[SourceVersion "1"]
[SourceVersionDate "2011.11.24"]
[SourceQuality "1"]
[WhiteTeam "Smederevski"]
[BlackTeam "Pozarevac"]
[WhiteTeamCountry "SRB"]
[BlackTeamCountry "SRB"]

1. d4 Nf6 2. c4 e6 3. Nf3 Bb4+ 4. Nbd2 d5 5. Qa4+ Nc6 6. a3 Be7 7. e3 0-0 8. Qc2 a5 9. b3 Na7 10. Bd3 b6 11. 0-0 Bb7 12. Bb2 c5 13. dxc5 bxc5 14. cxd5 exd5 15. Rad1 h6 16. Bxf6 Bxf6 17. Qxc5 Be7 18. Qc1 Qd6 19. a4 Nc6 20. Qb1 Bf6 21. Bh7+ Kh8 22. Ne4 Qd8 23. Nc5 Rb8 24. Bf5 Ne7 25. Nxb7 Rxb7 26. Bd3 Qb6 27. Bb5 Rc8 28. b4 Rbc7 29. h3 g6 30. bxa5 Qxa5 31. Nd4 Kg7 32. Rd3 Rb8 33. Qd1 Rbc8 34. Ne2 Rc5 35. Nf4 Qa8 36. Qg4 Kf8 37. Qf3 Kg7 38. Rfd1 Rd8 39. Qg4 Kf8 40. e4 d4 41. Ne2 Nc6 42. Bxc6 Rxc6 43. f4 Qxa4 44. e5 Be7 45. Kh2 Rc4 46. Qf3 Bc5 47. f5 Qa8 48. fxg6 Qxf3 49. Rxf3 Ke7 50. Rxf7+ Ke6 51. Nf4+ 1-0

[Event "SRB-chT 1st League"]
[Site "Vrnjacka Banja"]
[Date "2007.??.??"]
[Round "9.5"]
[White "Mitrovic, Petar"]
[Black "Muratovic, Alija"]
[Result "1-0"]
[WhiteElo "2374"]
[BlackElo "2476"]
[PlyCount "34"]
[EventDate "2007.09.08"]
[EventType "team"]
[EventRounds "11"]
[EventCountry "SRB"]
[SourceTitle "EXT 2012"]
[Source "ChessBase"]
[SourceDate "2011.11.24"]
[SourceVersion "1"]
[SourceVersionDate "2011.11.24"]
[SourceQuality "1"]
[WhiteTeam "Pozarevac"]
[BlackTeam "Novi Pazar INA Dizajn"]
[WhiteTeamCountry "SRB"]
[BlackTeamCountry "SRB"]

1. e4 e5 2. Nf3 Nc6 3. Bb5 g6 4. 0-0 Bg7 5. c3 d6 6. d4 Bd7 7. Be3 Nge7 8. Nbd2 0-0 9. a4 a6 10. Bc4 Kh8 11. dxe5 dxe5 12. Nb3 b6 13. a5 b5 14. Be2 Qe8 15. Nc5 Rd8 16. Nxa6 Bc8 17. Nxc7 Rxd1 1-0

[Event "SRB-chT 1st League"]
[Site "Vrnjacka Banja"]
[Date "2006.10.07"]
[Round "5.5"]
[White "Organdziev, Oliver"]
[Black "Mitrovic, Petar"]
[Result "1/2-1/2"]
[WhiteElo "2296"]
[BlackElo "2366"]
[PlyCount "96"]
[EventDate "2006.09.09"]
[EventType "team"]
[EventRounds "11"]
[EventCountry "SRB"]
[SourceTitle "EXT 2012"]
[Source "ChessBase"]
[SourceDate "2011.11.24"]
[SourceVersion "1"]
[SourceVersionDate "2011.11.24"]
[SourceQuality "1"]
[WhiteTeam "Sloga Petrovac"]
[BlackTeam "Pozarevac"]
[WhiteTeamCountry "SRB"]
[BlackTeamCountry "SRB"]

1. e4 e5 2. Nf3 Nc6 3. Bb5 a6 4. Ba4 Nf6 5. 0-0 Be7 6. Bxc6 dxc6 7. d3 Nd7 8. Nbd2 0-0 9. Nc4 f6 10. Nh4 Nc5 11. Nf5 Bxf5 12. exf5 Qd7 13. Qf3 Rfe8 14. Re1 Bf8 15. Nd2 Rad8 16. Ne4 Qf7 17. b3 Nxe4 18. Rxe4 Rd4 19. Bb2 Rxe4 20. dxe4 Rd8 21. Rd1 Rd6 22. Rxd6 cxd6 23. c4 Qc7 24. Qc3 Qd8 25. Qd2 Kf7 26. Kf1 Ke8 27. g3 Qb6 28. Bc3 Qc7 29. h4 Qf7 30. Qd1 Kd7 31. g4 Ke8 32. Bb4 Qc7 33. g5 Kf7 34. Qg4 Qd8 35. g6+ Kg8 36. gxh7+ Kxh7 37. Qg6+ Kh8 38. h5 Qe7 39. f3 Kg8 40. h6 Kh8 41. h7 Qd7 42. Kg2 Be7 43. Kh3 Qd8 44. a3 d5 45. Bxe7 Qxe7 46. cxd5 cxd5 47. exd5 Qd7 48. Kg4 Qxd5 1/2-1/2

[Event "SRB-chT 1st League"]
[Site "Vrnjacka Banja"]
[Date "2006.09.23"]
[Round "3.6"]
[White "Ristic, Nebojsa M"]
[Black "Mitrovic, Petar"]
[Result "1/2-1/2"]
[WhiteElo "2367"]
[BlackElo "2366"]
[PlyCount "39"]
[EventDate "2006.09.09"]
[EventType "team"]
[EventRounds "11"]
[EventCountry "SRB"]
[SourceTitle "EXT 2012"]
[Source "ChessBase"]
[SourceDate "2011.11.24"]
[SourceVersion "1"]
[SourceVersionDate "2011.11.24"]
[SourceQuality "1"]
[WhiteTeam "Smederevska Palanka Jasenica"]
[BlackTeam "Pozarevac"]
[WhiteTeamCountry "SRB"]
[BlackTeamCountry "SRB"]

1. d4 Nf6 2. Bg5 e6 3. e4 h6 4. Bxf6 Qxf6 5. Nf3 Nc6 6. e5 Qd8 7. Bb5 a6 8. Bxc6 dxc6 9. Qe2 c5 10. dxc5 Bxc5 11. 0-0 Bd7 12. Rd1 Qe7 13. Nc3 0-0-0 14. Ne4 Bc6 15. Nxc5 Qxc5 16. c3 Rxd1+ 17. Rxd1 Rd8 18. Rxd8+ Kxd8 19. Nd4 Qd5 20. Nxc6+ 1/2-1/2

[Event "Serbia-ch"]
[Site "Vrnjacka Banja"]
[Date "2006.02.02"]
[Round "6"]
[White "Mitrovic, Petar"]
[Black "Maksimovic, Miroslav"]
[Result "1/2-1/2"]
[WhiteElo "2387"]
[BlackElo "2212"]
[PlyCount "33"]
[EventDate "2006.01.30"]
[EventType "swiss"]
[EventRounds "9"]
[EventCountry "YUG"]
[SourceTitle "CBM 110 Extra"]
[Source "ChessBase"]
[SourceDate "2006.03.10"]
[SourceVersion "2"]
[SourceVersionDate "2006.03.10"]
[SourceQuality "1"]

1. e4 c5 2. Nf3 d6 3. d4 cxd4 4. Nxd4 Nf6 5. Nc3 Nc6 6. Bc4 Qb6 7. Nb3 e6 8. 0-0 Be7 9. Bg5 0-0 10. Bxf6 Bxf6 11. Qxd6 Bxc3 12. bxc3 Rd8 13. Qg3 Bd7 14. Rfd1 Be8 15. Rd3 Na5 16. Nxa5 Qxa5 17. Bb3 1/2-1/2

[Event "Serbia-ch"]
[Site "Vrnjacka Banja"]
[Date "2006.01.30"]
[Round "1"]
[White "Draskovic, Dragan"]
[Black "Mitrovic, Petar"]
[Result "0-1"]
[WhiteElo "2158"]
[BlackElo "2387"]
[PlyCount "64"]
[EventDate "2006.01.30"]
[EventType "swiss"]
[EventRounds "9"]
[EventCountry "YUG"]
[SourceTitle "CBM 110 Extra"]
[Source "ChessBase"]
[SourceDate "2006.03.10"]
[SourceVersion "2"]
[SourceVersionDate "2006.03.10"]
[SourceQuality "1"]

1. d4 Nf6 2. c4 g6 3. Nc3 d5 4. Nf3 Bg7 5. Qb3 dxc4 6. Qxc4 0-0 7. e4 Nc6 8. e5 Be6 9. Qc5 Nd7 10. Qa3 Nb6 11. Be3 Nc4 12. Qc5 Nxe3 13. fxe3 Bd7 14. Be2 b6 15. Qa3 a5 16. 0-0 Nb4 17. Rac1 Rc8 18. Qb3 Bh6 19. Nd1 e6 20. a3 Nd5 21. Rc2 a4 22. Qd3 c5 23. g3 cxd4 24. Rxc8 Qxc8 25. exd4 Qc1 26. Kg2 Rc8 27. Kh3 Qc2 28. Qxc2 Rxc2 29. Bd3 Rc1 30. Kg2 Rxd1 31. Rxd1 Ne3+ 32. Kf2 Nxd1+ 0-1

[Event "SCG-chT 48th"]
[Site "Herceg Novi"]
[Date "2005.05.18"]
[Round "4"]
[White "Zmijanac, Dusko"]
[Black "Mitrovic, Petar"]
[Result "1/2-1/2"]
[WhiteElo "2265"]
[BlackElo "2390"]
[PlyCount "44"]
[EventDate "2005.05.15"]
[EventType "team"]
[EventRounds "7"]
[EventCountry "YUG"]
[SourceTitle "CBM 106 Extra"]
[Source "ChessBase"]
[SourceDate "2005.07.01"]
[SourceVersion "1"]
[SourceVersionDate "2005.07.01"]
[SourceQuality "1"]

1. d4 d5 2. c4 e6 3. Nc3 Be7 4. Nf3 Nf6 5. Bf4 0-0 6. e3 c5 7. dxc5 Bxc5 8. Qc2 Nc6 9. a3 Qa5 10. Ra2 Be7 11. b4 Qd8 12. Qb3 dxc4 13. Bxc4 a6 14. Rd2 Qe8 15. 0-0 b5 16. Be2 Bb7 17. Rfd1 Rd8 18. h3 Rxd2 19. Rxd2 Qa8 20. Bg5 Rd8 21. Qd1 Rxd2 22. Qxd2 Qd8 1/2-1/2

[Event "SCG-chT 48th"]
[Site "Herceg Novi"]
[Date "2005.05.17"]
[Round "3"]
[White "Mitrovic, Petar"]
[Black "Simic, Dragisa"]
[Result "0-1"]
[WhiteElo "2390"]
[BlackElo "2313"]
[PlyCount "86"]
[EventDate "2005.05.15"]
[EventType "team"]
[EventRounds "7"]
[EventCountry "YUG"]
[SourceTitle "CBM 106 Extra"]
[Source "ChessBase"]
[SourceDate "2005.07.01"]
[SourceVersion "1"]
[SourceVersionDate "2005.07.01"]
[SourceQuality "1"]

1. e4 c5 2. Nf3 d6 3. d4 cxd4 4. Nxd4 Nf6 5. Nc3 g6 6. Be2 Bg7 7. 0-0 0-0 8. Bg5 Nc6 9. Nb3 b6 10. Qd2 Re8 11. Rfe1 Bb7 12. Rad1 Rc8 13. Qc1 a6 14. Bf1 Nd7 15. Nd5 Na5 16. c3 Nc4 17. a4 f6 18. Bh4 g5 19. Bg3 Nde5 20. Bxe5 Nxe5 21. Nd4 e6 22. Nb4 Ra8 23. Qa1 Qe7 24. Qa2 Kh8 25. Bc4 Nxc4 26. Qxc4 Rac8 27. Qd3 a5 28. Nbc2 d5 29. exd5 Bxd5 30. Ne3 Ba8 31. Qb5 Qb7 32. Qb3 f5 33. f3 g4 34. Nxe6 gxf3 35. g3 f2+ 36. Kxf2 Qf3+ 37. Kg1 Qh1+ 38. Kf2 Qxh2+ 39. Kf1 Qh1+ 40. Kf2 Qf3+ 41. Kg1 Qxg3+ 42. Kf1 Qf3+ 43. Kg1 Bh6 0-1

[Event "SCG-chT 48th"]
[Site "Herceg Novi"]
[Date "2005.05.16"]
[Round "2"]
[White "Ilic, Dragan B"]
[Black "Mitrovic, Petar"]
[Result "1/2-1/2"]
[WhiteElo "2295"]
[BlackElo "2390"]
[PlyCount "66"]
[EventDate "2005.05.15"]
[EventType "team"]
[EventRounds "7"]
[EventCountry "YUG"]
[SourceTitle "CBM 106 Extra"]
[Source "ChessBase"]
[SourceDate "2005.07.01"]
[SourceVersion "1"]
[SourceVersionDate "2005.07.01"]
[SourceQuality "1"]

1. d4 Nf6 2. c4 e6 3. Nf3 Bb4+ 4. Bd2 Qe7 5. g3 Nc6 6. Nc3 0-0 7. Bg2 a5 8. 0-0 d6 9. d5 exd5 10. cxd5 Ne5 11. Nxe5 dxe5 12. a3 Bd6 13. Rc1 Bd7 14. Bg5 h6 15. Bxf6 Qxf6 16. Ne4 Qd8 17. Qb3 b6 18. e3 Ra7 19. Nxd6 cxd6 20. Rc3 Qb8 21. Rfc1 Rc8 22. Qc2 Rxc3 23. Qxc3 Kf8 24. f4 Ke7 25. Qc2 g6 26. h4 Kd8 27. h5 Rc7 28. Qxc7+ Qxc7 29. Rxc7 Kxc7 30. hxg6 fxg6 31. fxe5 dxe5 32. b4 axb4 33. axb4 Kd6 1/2-1/2

[Event "Novak Nikolic Memorial 1st"]
[Site "Belgrade"]
[Date "1998.02.15"]
[Round "10"]
[White "Mitrovic, Petar"]
[Black "Shulman, Yuri"]
[Result "1/2-1/2"]
[WhiteElo "2390"]
[BlackElo "2480"]
[PlyCount "23"]
[EventDate "1998.02.06"]
[EventType "tourn"]
[EventRounds "11"]
[EventCountry "YUG"]
[EventCategory "8"]
[SourceTitle "CBM 063 Extra"]
[Source "ChessBase"]
[SourceDate "1998.04.29"]
[SourceVersion "1"]
[SourceVersionDate "1998.04.29"]
[SourceQuality "1"]

1. e4 e6 2. d4 d5 3. Nd2 c5 4. Ngf3 Nc6 5. exd5 exd5 6. Bb5 Bd6 7. dxc5 Bxc5 8. 0-0 Nge7 9. Nb3 Bd6 10. Be3 0-0 11. Qd2 Bg4 12. Nfd4 1/2-1/2

[Event "Novak Nikolic Memorial 1st"]
[Site "Belgrade"]
[Date "1998.02.08"]
[Round "3"]
[White "Mitrovic, Petar"]
[Black "Milanovic, Danilo"]
[Result "1/2-1/2"]
[WhiteElo "2390"]
[BlackElo "2420"]
[PlyCount "38"]
[EventDate "1998.02.06"]
[EventType "tourn"]
[EventRounds "11"]
[EventCountry "YUG"]
[EventCategory "8"]
[SourceTitle "CBM 063 Extra"]
[Source "ChessBase"]
[SourceDate "1998.04.29"]
[SourceVersion "1"]
[SourceVersionDate "1998.04.29"]
[SourceQuality "1"]

1. e4 c5 2. Nf3 Nc6 3. d4 cxd4 4. Nxd4 Nf6 5. Nc3 e5 6. Ndb5 d6 7. a4 a6 8. Na3 Be6 9. Bg5 Rc8 10. Nc4 Nd4 11. Nd5 Be7 12. Nxe7 Kxe7 13. Ne3 Qa5+ 14. Qd2 Qxd2+ 15. Kxd2 h6 16. Bxf6+ Kxf6 17. Bd3 g6 18. Rad1 Rhd8 19. h4 h5 1/2-1/2

[Event "YUG-chT"]
[Site "Niksic"]
[Date "1997.??.??"]
[Round "8"]
[White "Mitrovic, Petar"]
[Black "Horvath, Jozsef"]
[Result "0-1"]
[WhiteElo "2385"]
[BlackElo "2525"]
[PlyCount "72"]
[EventDate "1997.08.27"]
[EventType "team"]
[EventRounds "11"]
[EventCountry "YUG"]
[SourceTitle "CBM 059 Extra"]
[Source "ChessBase"]
[SourceDate "1997.09.26"]
[SourceVersion "1"]
[SourceVersionDate "1997.09.26"]
[SourceQuality "1"]

1. e4 c5 2. Nf3 Nc6 3. d4 cxd4 4. Nxd4 Qc7 5. Nc3 e6 6. f4 a6 7. Nb3 b5 8. Bd3 Bb7 9. 0-0 d6 10. Rf2 Nf6 11. Bd2 Be7 12. Qf3 0-0 13. Qh3 Nb4 14. Rc1 Rfe8 15. Bf1 Rac8 16. a3 Nc6 17. g4 Nd7 18. g5 Bf8 19. Rg2 g6 20. Rg4 Bg7 21. Rh4 Nf8 22. Nd1 f5 23. gxf6 Bxf6 24. Bc3 Qb6+ 25. Nf2 Bxh4 26. Qxh4 e5 27. Rd1 Rcd8 28. Rd3 Rd7 29. Bh3 Rf7 30. f5 gxf5 31. Bxf5 Ne7 32. Nd4 Nfg6 33. Qh6 exd4 34. Bxg6 Nxg6 35. Bxd4 Qc6 36. h4 Rxe4 0-1

[Event "YUG-chT"]
[Site "Niksic"]
[Date "1997.??.??"]
[Round "3"]
[White "Mitrovic, Petar"]
[Black "Ivanisevic, Ivan"]
[Result "1/2-1/2"]
[WhiteElo "2385"]
[BlackElo "2540"]
[PlyCount "24"]
[EventDate "1997.08.27"]
[EventType "team"]
[EventRounds "11"]
[EventCountry "YUG"]
[SourceTitle "CBM 059 Extra"]
[Source "ChessBase"]
[SourceDate "1997.09.26"]
[SourceVersion "1"]
[SourceVersionDate "1997.09.26"]
[SourceQuality "1"]

1. e4 c5 2. Nf3 Nc6 3. d4 cxd4 4. Nxd4 Nf6 5. Nc3 d6 6. Bc4 Bd7 7. 0-0 g6 8. Nxc6 Bxc6 9. Nd5 Bg7 10. Bg5 0-0 11. Bxf6 Bxf6 12. Nxf6+ exf6 1/2-1/2

[Event "YUG-chT"]
[Site "Niksic"]
[Date "1997.??.??"]
[Round "1"]
[White "Mitrovic, Petar"]
[Black "Mackic, Zoran"]
[Result "1-0"]
[WhiteElo "2385"]
[BlackElo "2430"]
[PlyCount "93"]
[EventDate "1997.08.27"]
[EventType "team"]
[EventRounds "11"]
[EventCountry "YUG"]
[SourceTitle "CBM 059 Extra"]
[Source "ChessBase"]
[SourceDate "1997.09.26"]
[SourceVersion "1"]
[SourceVersionDate "1997.09.26"]
[SourceQuality "1"]

1. e4 Nf6 2. e5 Nd5 3. d4 d6 4. Nf3 Bg4 5. Be2 e6 6. 0-0 Be7 7. c4 Nb6 8. h3 Bh5 9. Nc3 0-0 10. Nh2 Bxe2 11. Qxe2 Nc6 12. Rd1 d5 13. c5 Nc8 14. b4 Qd7 15. Ng4 a6 16. Bf4 N8a7 17. Rd3 Kh8 18. a3 Nb5 19. Nxb5 axb5 20. Rad1 Rae8 21. Rg3 Nd8 22. Rdd3 Nc6 23. Rd1 Na7 24. Re1 Bh4 25. Rf3 Nc8 26. Qd3 b6 27. g3 Bd8 28. h4 bxc5 29. bxc5 Ne7 30. h5 Ng8 31. h6 g6 32. Rb1 c6 33. a4 bxa4 34. Qa6 Bc7 35. Qxa4 Ra8 36. Qd1 Ra7 37. Bg5 Rfa8 38. Rfb3 Bd8 39. Bxd8 Qxd8 40. Qf3 Qc8 41. Kg2 Qf8 42. Rb7 g5 43. R1b6 f5 44. exf6 Rxb7 45. Rxb7 Nxh6 46. Ne5 Rc8 47. g4 1-0

[Event "Nis op"]
[Site "Nis"]
[Date "1997.??.??"]
[Round "5"]
[White "Mitrovic, Petar"]
[Black "Markovic, Miroslav"]
[Result "0-1"]
[WhiteElo "2385"]
[BlackElo "2520"]
[PlyCount "72"]
[EventDate "1997.??.??"]
[EventType "swiss"]
[EventRounds "11"]
[EventCountry "YUG"]
[SourceTitle "EXT 2002"]
[Source "ChessBase"]
[SourceDate "2001.11.25"]
[SourceVersion "1"]
[SourceVersionDate "2001.11.25"]
[SourceQuality "1"]

1. e4 c5 2. Nf3 d6 3. d4 cxd4 4. Nxd4 Nf6 5. Nc3 Nc6 6. Bc4 e5 7. Nde2 h6 8. Be3 Be7 9. f3 Na5 10. Bb5+ Bd7 11. Qd3 0-0 12. Bxd7 Qxd7 13. 0-0 Rfc8 14. b3 Nc6 15. Qd2 Bd8 16. Rfd1 Ba5 17. a3 Nd4 18. b4 Nxe2+ 19. Nxe2 Bd8 20. Rac1 Qa4 21. Qxd6 Qxa3 22. Rd3 Qa4 23. Nc3 Qe8 24. Nd5 Nxe4 25. fxe4 Rc6 26. Qd7 Qxd7 27. Nf6+ Bxf6 28. Rxd7 Rc3 29. Bd2 Rc4 30. Rxb7 Rxe4 31. c4 Rd8 32. Be1 Bg5 33. Ra1 Rxc4 34. Bf2 a6 35. h4 Rc1+ 36. Rxc1 Bxc1 0-1

[Event "YUG-chT"]
[Site "Niksic"]
[Date "1997.??.??"]
[Round "11"]
[White "Mitrovic, Petar"]
[Black "Vukic, Milan"]
[Result "1/2-1/2"]
[WhiteElo "2385"]
[BlackElo "2480"]
[PlyCount "22"]
[EventDate "1997.08.27"]
[EventType "team"]
[EventRounds "11"]
[EventCountry "YUG"]
[SourceTitle "CBM 059 Extra"]
[Source "ChessBase"]
[SourceDate "1997.09.26"]
[SourceVersion "1"]
[SourceVersionDate "1997.09.26"]
[SourceQuality "1"]

1. e4 c5 2. Nf3 e6 3. Nc3 Nc6 4. d4 cxd4 5. Nxd4 Nf6 6. Nb3 Bb4 7. Bd2 0-0 8. Bd3 d5 9. exd5 Nxd5 10. Nxd5 Qxd5 11. 0-0 Bxd2 1/2-1/2

[Event "YUG-chT"]
[Site "Niksic"]
[Date "1997.??.??"]
[Round "4"]
[White "Mitrovic, Petar"]
[Black "Zafirovski, Mite"]
[Result "1-0"]
[WhiteElo "2385"]
[BlackElo "2290"]
[PlyCount "105"]
[EventDate "1997.08.27"]
[EventType "team"]
[EventRounds "11"]
[EventCountry "YUG"]
[SourceTitle "CBM 059 Extra"]
[Source "ChessBase"]
[SourceDate "1997.09.26"]
[SourceVersion "1"]
[SourceVersionDate "1997.09.26"]
[SourceQuality "1"]

1. e4 c5 2. Nf3 Nc6 3. d4 cxd4 4. Nxd4 Qc7 5. Nc3 e6 6. f4 Nxd4 7. Qxd4 a6 8. Qf2 b5 9. Bd3 Bb7 10. e5 f5 11. Be3 Bb4 12. Bd4 Ne7 13. a3 Bxc3+ 14. Bxc3 0-0 15. Bb4 Rfe8 16. Rg1 Be4 17. 0-0-0 Bxd3 18. Rxd3 Nd5 19. g4 Nxb4 20. axb4 g6 21. Rdg3 Rac8 22. h4 Rf8 23. gxf5 Rxf5 24. Qg2 Kf8 25. Rg5 Qc6 26. Rxf5+ exf5 27. Qh2 Qf3 28. h5 Rc6 29. hxg6 Rxg6 30. Rxg6 Qf1+ 31. Kd2 hxg6 32. Qh8+ Ke7 33. Qf6+ Ke8 34. Qxg6+ Kd8 35. Qf6+ Ke8 36. Qxf5 Qf2+ 37. Kc3 Qe3+ 38. Qd3 Qf2 39. Qg6+ Kd8 40. Qf6+ Ke8 41. Qg6+ Kd8 42. Qe4 Qg3+ 43. Kd4 Qf2+ 44. Kd5 Qd2+ 45. Kc5 Kc7 46. Qd3 Qf2+ 47. Kd5 Qxf4 48. c4 d6 49. Qh7+ Kb6 50. c5+ dxc5 51. Qg6+ Ka7 52. Qg7+ Kb8 53. Kc6 1-0

[Event "Nis op"]
[Site "Nis"]
[Date "1997.??.??"]
[Round "8"]
[White "Perunovic, Ljubivoje"]
[Black "Mitrovic, Petar"]
[Result "0-1"]
[WhiteElo "2210"]
[BlackElo "2385"]
[PlyCount "76"]
[EventDate "1997.??.??"]
[EventType "swiss"]
[EventRounds "11"]
[EventCountry "YUG"]
[SourceTitle "EXT 2002"]
[Source "ChessBase"]
[SourceDate "2001.11.25"]
[SourceVersion "1"]
[SourceVersionDate "2001.11.25"]
[SourceQuality "1"]

1. d4 g6 2. Nf3 Bg7 3. c3 d6 4. Bg5 h6 5. Bh4 Nf6 6. Nbd2 Nc6 7. e4 0-0 8. Bc4 Nxe4 9. Nxe4 d5 10. Bd3 dxe4 11. Bxe4 f5 12. Bxc6 bxc6 13. 0-0 g5 14. Bxg5 hxg5 15. Nxg5 Qd6 16. f4 Rb8 17. Qh5 Qh6 18. Qe2 Bf6 19. Ne6 Bxe6 20. Qxe6+ Kg7 21. Rf2 Rxb2 22. Raf1 Rxf2 23. Rxf2 c5 24. dxc5 Bh4 25. Qxh6+ Kxh6 26. Rb2 Rd8 27. g3 Bf6 28. Rb7 Rd1+ 29. Kg2 Rd2+ 30. Kf3 Rxa2 31. Rxc7 Ra3 32. Ke2 Rxc3 33. Rxa7 Rxc5 34. h3 Rc2+ 35. Kf1 Rh2 36. g4 Kg6 37. g5 Bxg5 38. fxg5 e5 0-1

[Event "YUG-chT"]
[Site "Niksic"]
[Date "1996.??.??"]
[Round "?"]
[White "Abramovic, Bosko"]
[Black "Mitrovic, Petar"]
[Result "1-0"]
[WhiteElo "2490"]
[BlackElo "2385"]
[PlyCount "47"]
[EventDate "1996.??.??"]
[EventType "team"]
[EventRounds "12"]
[EventCountry "YUG"]
[SourceTitle "EXT 2000"]
[Source "ChessBase"]
[SourceDate "1999.11.16"]
[SourceVersion "1"]
[SourceVersionDate "1999.11.16"]
[SourceQuality "1"]

1. d4 Nf6 2. Nf3 g6 3. g3 Bg7 4. Bg2 0-0 5. c4 d5 6. 0-0 dxc4 7. Na3 Na6 8. Nxc4 c5 9. b3 Be6 10. Bb2 Qc8 11. Rc1 Rd8 12. e3 Bh3 13. Qe2 Bxg2 14. Kxg2 Qf5 15. Rfd1 Rac8 16. d5 Bh6 17. d6 b5 18. dxe7 Rxd1 19. Rxd1 bxc4 20. Rd8+ Ne8 21. Qxc4 Nac7 22. g4 Qe6 23. Qxe6 fxe6 24. Rxc8 1-0

[Event "YUG-ch sf"]
[Site "Kladovo"]
[Date "1996.??.??"]
[Round "?"]
[White "Blagojevic, Dragisa"]
[Black "Mitrovic, Petar"]
[Result "1-0"]
[WhiteElo "2450"]
[BlackElo "2365"]
[PlyCount "49"]
[EventDate "1996.??.??"]
[EventType "swiss"]
[EventRounds "11"]
[EventCountry "YUG"]
[SourceTitle "EXT 2000"]
[Source "ChessBase"]
[SourceDate "1999.11.16"]
[SourceVersion "1"]
[SourceVersionDate "1999.11.16"]
[SourceQuality "1"]

1. d4 Nf6 2. c4 g6 3. Nf3 Bg7 4. g3 0-0 5. Bg2 d5 6. cxd5 Nxd5 7. 0-0 c5 8. dxc5 Na6 9. Ng5 e6 10. Ne4 Qc7 11. Nbc3 Nxc3 12. Nxc3 Nxc5 13. Bg5 h6 14. Be3 Rd8 15. Qc1 Bd7 16. Bxh6 Rac8 17. Bxg7 Kxg7 18. Qe3 Qb6 19. Rab1 Be8 20. Rfd1 Rxd1+ 21. Nxd1 Qa6 22. Qc3+ Kh7 23. b4 Qxa2 24. Rc1 b6 25. Qe3 1-0

[Event "YUG-chT"]
[Site "Vrnjacka Banja"]
[Date "1996.??.??"]
[Round "?"]
[White "Gojkovic, Petar"]
[Black "Mitrovic, Petar"]
[Result "1/2-1/2"]
[WhiteElo "2340"]
[BlackElo "2365"]
[PlyCount "53"]
[EventDate "1996.??.??"]
[EventType "team"]
[EventRounds "11"]
[EventCountry "YUG"]
[SourceTitle "EXT 2000"]
[Source "ChessBase"]
[SourceDate "1999.11.16"]
[SourceVersion "1"]
[SourceVersionDate "1999.11.16"]
[SourceQuality "1"]

1. e4 e6 2. d4 d5 3. Nd2 c5 4. exd5 exd5 5. Ngf3 Nf6 6. Bb5+ Bd7 7. Qe2+ Be7 8. dxc5 0-0 9. Nb3 Re8 10. Be3 a6 11. Bxd7 Nbxd7 12. Nfd4 Nxc5 13. 0-0 Ncd7 14. Nf3 Bd6 15. Qd3 Qc7 16. h3 Re4 17. Rad1 Rae8 18. c3 b5 19. a3 h6 20. Rfe1 Bf8 21. Qc2 Nb6 22. Nbd2 R4e7 23. Bd4 Ne4 24. Bxb6 Qxb6 25. Nf1 Qc5 26. Rd4 Nf6 27. Ne3 1/2-1/2